Wartime education in Louisiana schools. (Record no. 21887)

MARC details
000 -LEADER
fixed length control field 01048cam a22002891 4500
001 - CONTROL NUMBER
control field e 42000267
003 - CONTROL NUMBER IDENTIFIER
control field DLC
005 - DATE AND TIME OF LATEST TRANSACTION
control field 20260227111231.0
008 - FIXED-LENGTH DATA ELEMENTS--GENERAL INFORMATION
fixed length control field 790906s1942 lau s000 0 eng c
010 ## - LIBRARY OF CONGRESS CONTROL NUMBER
LC control number e 42000267
035 ## - SYSTEM CONTROL NUMBER
System control number (OCoLC)5347337
040 ## - CATALOGING SOURCE
Original cataloging agency U.S. Off. of educ. Library
Transcribing agency LU
Modifying agency LU
-- OCoLC
-- DLC
042 ## - AUTHENTICATION CODE
Authentication code premarc
043 ## - GEOGRAPHIC AREA CODE
Geographic area code n-us-la
050 00 - LIBRARY OF CONGRESS CALL NUMBER
Classification number L154
Item number .B32 no. 480
082 ## - DEWEY DECIMAL CLASSIFICATION NUMBER
Classification number 379.763
110 1# - MAIN ENTRY--CORPORATE NAME
Corporate name or jurisdiction name as entry element Louisiana.
Subordinate unit Department of Education.
245 10 - TITLE STATEMENT
Title Wartime education in Louisiana schools.
Statement of responsibility, etc. Issued by John E. Coxe, state superintendent of public education.
260 ## - PUBLICATION, DISTRIBUTION, ETC.
Place of publication, distribution, etc. [Baton Rouge,
Date of publication, distribution, etc. 1942]
300 ## - PHYSICAL DESCRIPTION
Extent 44 p.
Dimensions 23 cm.
490 1# - SERIES STATEMENT
Series statement Its Bulletin
Volume/sequential designation no. 480
500 ## - GENERAL NOTE
General note At head of title: State Dept. of education of Louisiana. February, 1942.
500 ## - GENERAL NOTE
General note "Some efforts of the state Department of education relating to national defense": p.35-44.
650 #0 - SUBJECT ADDED ENTRY--TOPICAL TERM
Topical term or geographic name entry element Education
Geographic subdivision Louisiana.
650 #0 - SUBJECT ADDED ENTRY--TOPICAL TERM
Topical term or geographic name entry element World War, 1939-1945
Geographic subdivision Louisiana.
810 1# - SERIES ADDED ENTRY--CORPORATE NAME
Corporate name or jurisdiction name as entry element Louisiana.
Subordinate unit Department of Education.
Title of a work Bulletin
Volume/sequential designation no. 480.

No items available.

Powered by Koha